LEADER 00892nam0-22003251i-450- 001 990001164980203316 005 20080312132500.0 010 $a553-07692-072 035 $a000116498 035 $aUSA01000116498 035 $a(ALEPH)000116498USA01 035 $a000116498 100 $a20030715-1973----kma0ita00103--ba 101 0 $aENG 105 $a||||||||001yy 200 1 $aGay Pursuit$fElizabeth Cadell 210 $aNew York [etc.]$cBantam$d1973 215 $a202 p.$d18 cm. 676 $a813.914 700 1$aCADELL,$bElizabeth$0746894 912 $a990001164980203316 951 $aII.8.A.14$b5241 DSLL 959 $aBK 969 $aDSLL 979 $aPATRY$b90$c20030715$lUSA01$h1352 979 $aPATRY$b90$c20040406$lUSA01$h1722 979 $aDSLL$b90$c20080306$lUSA01$h1325 979 $aDSLL$b90$c20080312$lUSA01$h1325 996 $aGay Pursuit$91491407 997 $aUNISA LEADER 02421oam 2200721 450 001 9910704249003321 005 20160311172050.0 035 $a(CKB)5470000002439185 035 $a(OCoLC)885009213 035 $a(EXLCZ)995470000002439185 100 $a20140731d1954 ua 0 101 0 $aeng 135 $aurmn||||||||| 181 $ctxt$2rdacontent 182 $cc$2rdamedia 183 $acr$2rdacarrier 200 10$aGeology of the Jackson area, Mississippi $estratigraphic and structural study of the area surrounding the Jackson gas field /$fby Watson H. Monroe 210 1$a[Washington, D.C.] :$cUnited States Department of the Interior, Geological Survey,$d1954. 210 2$aWashington :$cUnited States Government Printing Office. 215 $a1 online resource (iv, 133 pages, 6 pages of plates) $cillustrations, color maps 225 1 $aGeological Survey bulletin ;$v986 300 $aTitle from title screen (viewed July 21, 2014). 320 $aIncludes bibliographical references (pages 128-130) and index. 517 $aGeology of the Jackson area, Mississippi 606 $aGeology$zMississippi$zJackson 606 $aPetrology$zMississippi$zJackson 606 $aBorings$zMississippi$zJackson 606 $aPaleogeography$zMississippi$zJackson 606 $aMines and mineral resources$zMississippi$zJackson 606 $aIgneous rocks$zMississippi$zJackson 606 $aBorings$2fast 606 $aGeology$2fast 606 $aIgneous rocks$2fast 606 $aMines and mineral resources$2fast 606 $aPaleogeography$2fast 606 $aPetrology$2fast 607 $aMississippi$zJackson$2fast 615 0$aGeology 615 0$aPetrology 615 0$aBorings 615 0$aPaleogeography 615 0$aMines and mineral resources 615 0$aIgneous rocks 615 7$aBorings. 615 7$aGeology. 615 7$aIgneous rocks. 615 7$aMines and mineral resources. 615 7$aPaleogeography. 615 7$aPetrology. 700 $aMonroe$b Watson Hiner$f1907-1992,$01390064 712 02$aGeological Survey (U.S.), 801 0$bCOP 801 1$bCOP 801 2$bOCLCO 801 2$bOCLCF 801 2$bGPO 801 2$bOCL 801 2$bOCLCQ 801 2$bGPO 906 $aBOOK 912 $a9910704249003321 996 $aGeology of the Jackson area, Mississippi$93477864 997 $aUNINA